1484 1449 1757 1106 1946 1487 1225 1500 1386 1973 1350 1022 1700 1372 1467 1836 1255 1677 1124 1427 1432 1054 1657 1861 1958 1677 1769 1143 1718 1035 1084 1136 1157 1351 1596 1351 1692 1686 1960 1393 1380 1224 1769 1618 1884 1671 1526 1307 1621 1965 1435 1245 1721 1477 1477 1597 1940 1006 1188 1194 1277 1039 1673 1485 1003 1510 1765 1567 1685 1166 1914 1019 1584 1560 1649 1844 1620 1729 1229 1587 1664 1672 1853 1915 1282 1700 1844 1047 1745 1200 1363 1320 1928 1276 1263 1390 1962 1356 1301 BCNSPRNW ULIB Ver.6.0+V

เปลี่ยนเป็นภาษาไทย

Change to English
 แสดงรายละเอียดบรรณานุกรม
  กลับหน้าหลัก

Brief Record : Get Marc (ISO 2709) : E-mail record : QR code < ปิดหน้าต่าง
LEADER : 00000nam 2200000uu 4500
001    13399113006
003     ULIB
008    110921s2547||||th 000 0 tha d
020    9746145436
050 00 PE1127.M4^bส719ภ ล.2 2547
110 2  มหาวิทยาลัยสุโขทัยธรรมาธิราช. ^bสาขาวิชาศิลปศาสตร์
245 10 ภาษาอังกฤษสำหรับบุคลากรสาธารณสุข หน่วยที่ 6-10= English for health personnel /^cสาขาวิชาศิลปศาสตร์มหาวิทยาลัยสุโขทัยธรรมาธิราช
246 31 English for health personnel
250    พิมพ์ครั้งที่ 4
260    กรุงเทพ :^bมหาวิทยาลัยสุโขทัยธรรมาธิราช,^c2547
300    (10), 316 หน้า :^bภาพประกอบ, ตาราง
440  0 เอกสารการสอนชุดวิชา ;^v11306
505 0  ล.2 หน่วยที่ 6-10
650  7 ภาษาอังกฤษ^xการใช้ภาษา
650  7 บุคลากรสาธารณสุข
945    ^p0^l0^i018547
995    ทศพร
999 ^a ทศพร
รายการนี้ยังไม่มีแท็ก
คุณยังไม่ได้ล็อกอิน คุณสามารถมีกิจกรรมร่วมกับเว็บไซต์ได้ แต่ต้องล็อกอินก่อน ::
  ล็อกอิน

รายการสื่อสารสนเทศ

ลำดับที่ ประเภท เลขเรียก/บาร์โค้ด สถานที่ สถานะ
- ไม่พบข้อมูล -

รายการใกล้เคียง
    หัวเรื่อง [ภาษาอังกฤษ การใช้ภาษา]
    หัวเรื่อง [บุคลากรสาธารณสุข]

BibComment


ยังไม่เคยถูกคอมเมนท์

คอมเมนท์ทรัพยากรรายการนี้
  คอมเมนท์: ภาษาอังกฤษสำหรับบ..


 Copyright 2026. Bcnsprnw @Library